| 000 | 01362cam a2200385Ia 4500 | ||
|---|---|---|---|
| 001 | 94409 | ||
| 005 | 20230410142343.0 | ||
| 008 | 051027s2003 sp rb 000 0 spa d | ||
| 035 | _a(OCoLC)ocm62165177 | ||
| 040 |
_aUIA _bspa _cUIA |
||
| 020 | _a8482397850 | ||
| 020 | _a9788482397856 | ||
| 035 | _a(OCoLC)62165177 | ||
| 041 | 1 |
_aspa _hita |
|
| 050 | 1 | 4 |
_aBX 1751.2 _bI24c 2003 |
| 049 | _aGRAL | ||
| 110 |
_aIglesia Católica. _bCongregación para la Doctrina de la Fe. |
||
| 245 | 0 | 0 |
_aCarta sobre la atención personal a las personas homosexuales / _cintroducción y comentarios Joseph Ratzinger ... [et al.] ; prólogo Javier Salinas. |
| 250 | _a3a ed. act. | ||
| 260 |
_aMadrid : _bEdiciones Palabra, _c2003. |
||
| 300 |
_a145 p. ; _c22 cm. |
||
| 440 | 0 |
_aColección Libros Palabra ; _v18 |
|
| 500 | _aTraduction of : Lettera sulla cura pastorale delle persone omosessuali. | ||
| 504 | _aIncluye referencias bibliográficas. | ||
| 650 | 4 |
_aHomosexualidad _xAspectos religiosos _xIglesia Católica. |
|
| 650 | 4 |
_aTeología pastoral _xIglesia Católica. |
|
| 650 | 0 |
_aHomosexuality _xReligious aspects _xCatholic Church. |
|
| 650 | 0 |
_aPastoral theology _xCatholic Church. |
|
| 700 | 1 | _aBertone, Tarcisio. | |
| 700 | 1 |
_aRatzinger, Joseph, _d1927- |
|
| 700 | 1 | _aSalinas, Javier. | |
| 942 |
_2lcc _cbk |
||
| 994 |
_aC0 _bDRFGD |
||
| 946 | _aJP | ||
| 999 |
_c94138 _d94138 |
||